000 00465nam a22001457a 4500
008 160201b xxu||||| |||| 00| 0 eng d
020 _a9780078690921
082 _22009
_aDK12 540.78
_bC517
245 _aChemistry forensics :
_blaboratory manual .
250 _aTeacher edition
260 _aColumbus, OH :
_bMcGraw-Hill Glencoe,
_c[c2009].
300 _axvi, 35 pages :
_billustration ;
_c28 cm.
650 0 _92403
_aChemistry
_xLaboratory manual
942 _2ddc
_cDC
999 _c868
_d868